| 000 | 00560nam a22001697a 4500 | ||
|---|---|---|---|
| 999 |
_c60970 _d60970 |
||
| 005 | 20231130152740.0 | ||
| 008 | 231130s1976 ru ||||| |||| 00| 0 geo d | ||
| 041 | _arus | ||
| 080 | _a906.6 Щ-34 | ||
| 100 |
_aЩеглов, А. _920533 |
||
| 245 |
_aПолис и хора / _cА. Щеглов. |
||
| 264 |
_aСимферополь : _bТаврия, _c1976. |
||
| 300 |
_a174 с.: _bил.; _c17 см. |
||
| 440 |
_aАрхеологические памятники Крыма _920150 |
||
| 653 | _aარქეოლოგია | ||
| 942 |
_2udc _cᲬᲘᲒᲜᲘ |
||